000 00341nam a22001457a 4500
008 210528b ||||| |||| 00| 0 eng d
020 _a9781305289888
041 _aeng
080 _22nd
_a311
082 _a311
100 _a52
101 _aSTA
245 _aUnderstanding Research Methods and Statistics
_cHeiman,G.W
942 _2udc
_cBK
999 _c57797
_d57797